Statistics for Countries with the Biggest French Populations Outside of France

Click here to take the quiz!

General Stats

  • This quiz has been taken 565 times
    (358 since last reset)
  • The average score is 19 of 28

Answer Stats

HintAnswer% Correct
5,077,215Canada
99%
8,228,623United States
98%
126,049United Kingdom
95%
92,000Spain
94%
123,281Germany
93%
123,076Belgium
92%
250,00Italy
90%
500,000Brazil
86%
32,000Algeria
85%
158,862Switzerland
85%
118,000Australia
84%
60,000Mexico
84%
23,000Netherlands
81%
41,000China
79%
6,800,000Argentina
77%
100,000Morocco
76%
8,246Austria
70%
700,000Chile
65%
31,000Luxembourg
64%
255,000Peru
60%
10,000Monaco
47%
300,000Uruguay
46%
20,000Senegal
44%
85,000Israel
35%
124,000Madagascar
25%
5,503Czech Republic
24%
15,000Mauritius
16%
3,434Dominican Republic
15%

Score Distribution

Percentile by Number Answered

Percent of People with Each Score

Your Score History

You have not taken this quiz since the last reset